Normal view
MARC view
Entry Uniform Title
001 - CONTROL NUMBER
- control field: 52938
003 - CONTROL NUMBER IDENTIFIER
- control field: dpl
005 - DATE AND TIME OF LATEST TRANSACTION
- control field: 20121008111933.0
008 - FIXED-LENGTH DATA ELEMENTS
- fixed length control field: 121008|||a|||||| | ||| d
040 ## - CATALOGING SOURCE
- Original cataloging agency: dpl
- Transcribing agency: dpl
130 ## - HEADING--UNIFORM TITLE
- Uniform title: ग्रथांक-1168
670 ## - SOURCE DATA FOUND
- Source citation: Work cat.: (dpl): 27482, अज्ञेय रचनावली /, 2011
670 ## - SOURCE DATA FOUND
- Source citation: Work cat.: (dpl): 27482, अज्ञेय रचनावली /, 2011
